Configurable data and CAMAC hardware representations for implementation of the SPHERE DAQ and offline systems (Запись № 2571083)

Подробности
000 -МАРКЕР
контрольное поле 01753nam0a2200313 4500
001 - ИДЕНТИФИКАТОР ЗАПИСИ
контрольное поле RU\NLR\b_ik\90508
005 - ИДЕНТИФИКАТОР ВЕРСИИ
контрольное поле 20250616224658.0
035 ## - ДРУГИЕ СИСТЕМНЫЕ НОМЕРА
Идентификатор записи (NLR Aleph) 002164570
100 ## - ДАННЫЕ ОБЩЕЙ ОБРАБОТКИ
Данные общей обработки 20020813d2001 |||y0rusy50 ca
101 0# - ЯЗЫК РЕСУРСА
Язык текста, звукозаписи и т.д. английский
Язык резюме русский
102 ## - СТРАНА ПУБЛИКАЦИИ ИЛИ ПРОИЗВОДСТВА
Страна публикации российская федерация
105 ## - ПОЛЕ КОДИРОВАННЫХ ДАННЫХ: ТЕКСТОВЫЕ МАТЕРИАЛЫ, МОНОГРАФИЧЕСКИЕ
Кодированные данные о монографическом текстовом документе y |||||||||
200 1# - ЗАГЛАВИЕ И СВЕДЕНИЯ ОБ ОТВЕТСТВЕННОСТИ
Основное заглавие Configurable data and CAMAC hardware representations for implementation of the SPHERE DAQ and offline systems
Первые сведения об ответственности A. Yu. Isupov
210 ## - ПУБЛИКАЦИЯ, РАСПРОСТРАНЕНИЕ И ДР.
Место издания, распространения и т.д. Dubna
Имя издателя, распространителя и т. д. Joint inst. for nuclear research
Дата издания, распространения и т.д. 2001
215 ## - ФИЗИЧЕСКАЯ ХАРАКТЕРИСТИКА
Специфическое обозначение материала и объем 16
Размеры 22
225 1# - СЕРИЯ
Основное заглавие серии Сообщения Объединенного института ядерных исследований
Обозначение тома Е10-2001-199
300 ## - ОБЩИЕ ПРИМЕЧАНИЯ
Текст примечания На 3-й с. обл.: Конфигурируемые представления данных и аппаратуры КАМАК для реализации систем сбора и обработки данных установки СФЕРА / Исупов А.Ю.
300 ## - ОБЩИЕ ПРИМЕЧАНИЯ
Текст примечания Рез. на рус. яз.
320 ## - ПРИМЕЧАНИЯ О НАЛИЧИИ В ДОКУМЕНТЕ БИБЛИОГРАФИИ / УКАЗАТЕЛЯ
Текст примечания Библиогр.: с. 16 (5 назв.)
517 0# - ДРУГИЕ ВАРИАНТЫ ЗАГЛАВИЯ
Вариант заглавия Конфигурируемые представления данных и аппаратуры КАМАК для реализации систем сбора и обработки данных установки СФЕРА
606 0# - НАИМЕНОВАНИЕ ТЕМЫ КАК ПРЕДМЕТ
Наименование темы СФЕРА, установка для ядерных исследований
Тематический подзаголовок Обработка данных
Системный номер авторитетной/нормативной записи 2267120
Идентификатор авторитетной/нормативной записи RU\NLR\AUTH\661358988
606 0# - НАИМЕНОВАНИЕ ТЕМЫ КАК ПРЕДМЕТ
Наименование темы КАМАК, система для автоматизации экспериментов
Системный номер авторитетной/нормативной записи 965400
Идентификатор авторитетной/нормативной записи RU\NLR\AUTH\6642319
686 1# - ИНДЕКСЫ ДРУГИХ КЛАССИФИКАЦИЙ
Индекс В381.1с
700 #1 - ИМЯ ЛИЦА - ПЕРВИЧНАЯ ОТВЕТСТВЕННОСТЬ
Начальный элемент ввода Isupov
Часть имени, кроме начального элемента ввода A. Ju.
Код отношения Автор
801 #0 - ИСТОЧНИК ЗАПИСИ
Страна российская федерация
Организация NLR
Дата составления 20020813
Правила каталогизации PSBO
942 ## - ДОПОЛНИТЕЛЬНЫЕ ЭЛЕМЕНТЫ ЗАПИСИ (АБИС)
Тип экземпляра АБИС Книга
980 ## - КОЛЛЕКЦИЯ
Название коллекции Национальная библиография
Экземпляры
Тип экземпляра Дата поступления Источник поступления Библиотека постоянного хранения Библиотека текущего хранения Место хранения Шифр хранения Штрих-код Статус не для выдачи Публичное примечание
Книга 13.08.2002 Обязательный экземпляр РНБ (Московский) РНБ (Московский) Иностранный книжный фонд Ик 2002-6/44 1003951   ;